| 000 | 00729nam a2200241 u 4500 | ||
|---|---|---|---|
| 005 | 20240924071233.0 | ||
| 008 | 080527s2005 r 000 0 eng d | ||
| 020 | _a8478647848 (10 Digitos) | ||
| 020 | _a9788478647842 (13 Digitos) | ||
| 035 | _aUPN01000156408 | ||
| 049 | _aI | ||
| 050 | 4 |
_aPZ76.3 _bL4.6 2005 |
|
| 245 | 0 | 3 |
_aEl león y el ratón / _cadap. Luz Orihuela ; il. Subi. |
| 250 | _a2a ed. | ||
| 260 |
_aBarcelona, Esp. : _bCombel, _c2005. |
||
| 300 |
_a22 p. : _bil. col. |
||
| 440 | 0 |
_aCaballo alado clásico. _pAl galope ; _v2 |
|
| 650 | 0 |
_aAnimales _vCuentos y leyendas _9234 |
|
| 650 | 4 |
_aLiteratura infantil _94445 |
|
| 700 | 1 |
_aOrihuela, Luz, _eadapt. _933078 |
|
| 700 | 1 |
_aSubi, _eil. |
|
| 905 | _aInfantil | ||
| 999 |
_c128522 _d128522 |
||